Work this farm! / (Record no. 2917)

MARC details
000 -LEADER
fixed length control field 01139cam a22003377a 4500
005 - DATE AND TIME OF LATEST TRANSACTION
control field 20260327131521.0
020 ## - INTERNATIONAL STANDARD BOOK NUMBER
International Standard Book Number 9780545298575
040 ## - CATALOGING SOURCE
Original cataloging agency BTCTA
Language of cataloging eng
Transcribing agency BTCTA
Modifying agency ZGX
-- LEO
-- IGP
-- DLC
050 00 - LIBRARY OF CONGRESS CALL NUMBER
Classification number PZ7.S8147
Item number 2011
082 ## - DEWEY DECIMAL CLASSIFICATION NUMBER
Classification number 178
100 1# - MAIN ENTRY--PERSONAL NAME
Personal name Steele, Michael Anthony
245 10 - TITLE STATEMENT
Title Work this farm! /
Statement of responsibility, etc. by Michael Anthony Steele ; illustrated by Chuck Primeau.
250 ## - EDITION STATEMENT
Edition statement This edition was printing , March 2011
260 ## - PUBLICATION, DISTRIBUTION, ETC.
Place of publication, distribution, etc. New York :
Name of publisher, distributor, etc. Scholastic,
Date of publication, distribution, etc. 2011
300 ## - PHYSICAL DESCRIPTION
Extent 24 pages :
Other physical details color illustrations ;
Dimensions 21 cm.
490 0# - SERIES STATEMENT
Series statement Lego city
505 ## - FORMATTED CONTENTS NOTE
Formatted contents note N <br/>
520 ## - SUMMARY, ETC.
Summary, etc. "It's a busy day on the farm! The farmers feed the animals and harvest the crops. A big farm needs big machines!"--P. [4] of cover.
521 ## - TARGET AUDIENCE NOTE
Target audience note 570 <br/>
Source Lexile <br/>
521 ## - TARGET AUDIENCE NOTE
Target audience note N <br/>
Source Raz-Plus <br/>
650 #0 - SUBJECT ADDED ENTRY--TOPICAL TERM
Topical term or geographic name entry element Farms
Form subdivision Juvenile fiction.
650 #0 - SUBJECT ADDED ENTRY--TOPICAL TERM
Topical term or geographic name entry element LEGO toys
Form subdivision Juvenile fiction.
650 #1 - SUBJECT ADDED ENTRY--TOPICAL TERM
Topical term or geographic name entry element Toys
Form subdivision Fiction.
650 #1 - SUBJECT ADDED ENTRY--TOPICAL TERM
Topical term or geographic name entry element Farms
Form subdivision Fiction.
650 #7 - SUBJECT ADDED ENTRY--TOPICAL TERM
Topical term or geographic name entry element LEGO toys
Form subdivision Fiction.
Source of heading or term sears
650 #7 - SUBJECT ADDED ENTRY--TOPICAL TERM
Topical term or geographic name entry element Farms
Form subdivision Fiction.
Source of heading or term sears
700 1# - ADDED ENTRY--PERSONAL NAME
Personal name Primeau, Chuck.
906 ## - LOCAL DATA ELEMENT F, LDF (RLIN)
a 7
b cbc
c copycat
d 2
e ncip
f 20
g y-gencatlg
942 ## - ADDED ENTRY ELEMENTS (KOHA)
Source of classification or shelving scheme Dewey Decimal Classification
Koha item type Books
Suppress in OPAC No
999 ## -
-- 2917
-- 2917
Holdings
Withdrawn status Lost status Source of classification or shelving scheme Damaged status Not for loan Collection Home library Current library Shelving location Date acquired Total Checkouts Full call number Barcode Date last seen Date last checked out Price effective from Koha item type
    Dewey Decimal Classification     Juvenile Fiction Footprints International School Library Network Toul Tom Poung Campus Footprints International School Library Network Toul Tom Poung Campus   01/23/2024 7 STE 178 PZ7.S8147 FISTK00728 03/27/2026 03/13/2026 01/23/2024 Books